000 00745nam a2200313Ia 4500
001 3440
003 6937
005 20241026062619.0
008 ||||||n9999 ||| || ||
041 _aspa
082 _219
_a330101
100 _aTamames Gómez, Ramón
_95636
245 0 _aEstructura economica de espana
260 _aEspaña :
_bSociedad de estudios y publicaciones,
_c1960.
300 _a677p
562 _e1
650 0 _aAnálisis económico
_9262
650 _aESPAÑA
_9577
650 _aINFRAESTRUCTURA ECONOMICA
_96450
650 0 _aEconomía
_9207080
942 _cBKM
999 _c3440
_d3440
526 _a116204
526 _a4969
526 _a19790
526 _a104436
526 _a5144
526 _a51868
526 _a1697